Normal view MARC view
  • Supervised by Air Cmdr (R0 Saleem Akbar

Entry Personal Name

Number of records used in: 1

001 - CONTROL NUMBER

  • control field: 131869

003 - CONTROL NUMBER IDENTIFIER

  • control field: NUST

005 - DATE AND TIME OF LATEST TRANSACTION

  • control field: 20251112183014.0

008 - FIXED-LENGTH DATA ELEMENTS

  • fixed length control field: 251112|| aca||aabn | a|a d

040 ## - CATALOGING SOURCE

  • Original cataloging agency: NUST
  • Transcribing agency: NUST

100 ## - HEADING--PERSONAL NAME

  • Personal name: Supervised by Air Cmdr (R0 Saleem Akbar

670 ## - SOURCE DATA FOUND

  • Source citation: Work cat.: (NUST)183343: Iqbal, Muhammad Rashid (TCC-13) 131868, Micro controller based digital design of data acquisition card for IBM PC /, 2005
© 2023 Central Library, National University of Sciences and Technology. All Rights Reserved.